Normal view
MARC view
- Kabir, Mohammed J.,
Entry Personal Name
001 - CONTROL NUMBER
- control field: 55561
003 - CONTROL NUMBER IDENTIFIER
- control field: NUST
005 - DATE AND TIME OF LATEST TRANSACTION
- control field: 20210628201515.0
008 - FIXED-LENGTH DATA ELEMENTS
- fixed length control field: 210628|| aca||aabn | a|a d
040 ## - CATALOGING SOURCE
- Original cataloging agency: NUST
- Transcribing agency: NUST
100 ## - HEADING--PERSONAL NAME
- Personal name: Kabir, Mohammed J.,
- Dates associated with a name: 1971-
670 ## - SOURCE DATA FOUND
- Source citation: Work cat.: (NUST): Kabir, Mohammed J., 1971-, Apache Server 2 bible /, c2002.
